000 00390nam a22000977a 4500
999 _c23487
_d23487
003 NUST
005 20170609120122.0
008 131104b xxu||||| |||| 00| 0 eng d
020 _a8131711080
_cAvailable
040 _aDLC
_bDLC
_cRCMS
082 _a003.01 GOR
100 _aGeoffrey Gordon
_92380
245 _aSystem Simulation
_cGordon Geoffrey
250 _a2nd,ed.
260 _aIndia
_bPearson Education
_cc1978
300 _axii,324,p:
_bill
_c30,cm.
538 _iShelf No 1 Row No 4
650 _aSystem Simulation
_92381
856 _3Table of Content Only
942 _2ddc
_cBK